Statistics for Letters of JETPUNK in 15 Seconds

Click here to take the quiz!

General Stats

  • This quiz has been taken 23 times
  • The average score is 4 of 7

Answer Stats

Letter % Correct
NN
100%
EE
89%
PP
79%
UU
68%
JJ
42%
KK
21%
TT
16%

Score Distribution

Percentile by Number Answered

Percent of People with Each Score

Your Score History

You have not taken this quiz